Statistics for Most Guessed Countries of the World

Click here to take the quiz!

General Stats

  • This quiz has been taken 416 times
  • The average score is 14 of 15

Answer Stats

RankPercentAnswer% Correct
#496%China
98%
#596%France
98%
#197%Canada
97%
#297%Unites States
97%
#696%Russia
96%
#796%United Kingdom
96%
#396%Brazil
95%
#1294%Germany
95%
#895%Australia
93%
#1195%Mexico
92%
#1494%Spain
92%
#1095%Italy
91%
#1394%Japan
90%
#995%India
87%
#1593%Ireland
62%

Score Distribution

Percentile by Number Answered

Percent of People with Each Score

Your Score History

You have not taken this quiz